[Event "COL-ch Amateur U1700"]
[Site "Paipa"]
[Date "2020.02.28"]
[Round "4"]
[White "Caicedo Gomez, Tiana Paola"]
[Black "Molano Vanegas, Ibeth"]
[Result "1-0"]
[WhiteElo "1347"]
[BlackElo "1185"]
[PlyCount "73"]
[EventDate "2020.02.26"]
[EventType "swiss"]
[EventRounds "9"]
[EventCountry "COL"]
[SourceTitle "EXT 2021"]
[Source "ChessBase"]
[SourceDate "2020.10.23"]
[SourceVersion "1"]
[SourceVersionDate "2020.10.23"]
[SourceQuality "1"]

1. e4 c5 2. c3 e6 3. d4 cxd4 4. cxd4 a6 5. Nc3 Qc7 6. Bf4 Qd8 7. Nf3 Nf6 8. e5 Nh5 9. Bg5 f6 10. Be3 fxe5 11. dxe5 Bb4 12. Nd2 Bxc3 13. bxc3 0-0 14. Qxh5 g6 15. Qg5 Qxg5 16. Bxg5 Nc6 17. Nc4 d5 18. Nd6 Bd7 19. Nxb7 Nxe5 20. Nc5 Bb5 21. Bxb5 axb5 22. Nxe6 Nd3+ 23. Kf1 Rxf2+ 24. Kg1 Re8 25. Be3 Rf6 26. Rd1 Ne5 27. Bd4 Rexe6 28. Bxe5 Rxe5 29. h3 Rf4 30. Kh2 Re3 31. Rxd5 Rxc3 32. Rd8+ Kg7 33. Rd7+ Kh6 34. Ra7 g5 35. Ra6+ Kh5 36. g4+ Kh4 37. Rh6# 1-0